[Event "www.ChessWorld.net server game"]
[Site "www.ChessWorld.net "]
[Date "2007.11.18"]
[Round "NA"]
[White "joselito"]
[Black "Harvster"]
[Result "0-1"]
[Termination "White king mated"]
[WhiteElo "1529"]
[BlackElo "1226"]
[Mode "ICS"]
[DateLastMove "2007.11.27"]
[Board "4320667"]

1.e4 e5 2.Bc4 c6 3.Qh5 Nh6 4.d3 d5 5.exd5 cxd5 6.Qxe5+ Be7 7.Qxg7 Kd7 8.Bxd5 Bf6 9.Qxf7+ Nxf7 10.Bxf7 Qe7+ 11.Be3 Qxf7 12.Nc3 Re8 13.Nf3 b6 14.O-O Bb7 15.Bf4 Rg8 16.Nb5 Bxf3 17.Nc7 Qh5 18.Bg3 Rxg3 19.fxg3 Bd4+ 20.Rf2 Bxf2+ 21.Kxf2 Kxc7 22.gxf3 Qxh2+ 23.Ke3 Qxg3 24.c4 Nc6 25.d4 Re8+ 26.Kd3 Qxf3+ 27.Kc2 Re2+ 28.Kd1 Qf1+ {White king mated} 0-1

[Event "www.ChessWorld.net server game"]
[Site "www.ChessWorld.net "]
[Date "2007.11.23"]
[Round "NA"]
[White "joselito"]
[Black "Not quite such a Fat Bloke"]
[Result "0-1"]
[Termination "White king mated"]
[WhiteElo "1482"]
[BlackElo "1606"]
[Mode "ICS"]
[DateLastMove "2007.12.9"]
[Board "4335186"]

1.Nf3 Nc6 2.c4 e5 3.Nc3 Nf6 4.d4 exd4 5.Nxd4 Nxd4 6.Qxd4 b6 7.Bg5 Be7 8.Bxf6 Bxf6 9.Qe4+ Qe7 10.Qxa8 O-O 11.Qxa7 Qb4 12.Rc1 Qxb2 13.Qa4 Qxc1+ 14.Qd1 Bxc3+ {White king mated} 0-1

[Event "www.ChessWorld.net server game"]
[Site "www.ChessWorld.net "]
[Date "2007.12.23"]
[Round "NA"]
[White "joselito"]
[Black "cjchess"]
[Result "0-1"]
[Termination "White resigned"]
[WhiteElo "1505"]
[BlackElo "1573"]
[Mode "ICS"]
[DateLastMove "2007.12.31"]
[Board "4438764"]

1.Nf3 b6 2.e4 Bb7 3.Nc3 d6 4.Bb5+ c6 5.Bc4 Nd7 6.O-O Ngf6 7.Ng5 d5 8.exd5 cxd5 9.Bb5 e6 10.d4 Bd6 11.Nf3 h6 12.h3 a6 13.Be2 b5 14.b4 Rc8 15.Qd3 Rc7 16.Nh4 Qc8 17.Bg4 Nxg4 18.hxg4 Rxc3 19.Qd1 Bb8 20.Nf3 Qc7 21.g3 Rxc2 22.Bf4 Qc8 23.Bxb8 Nxb8 24.Ne5 Rc3 25.f4 Rxg3+ 26.Kf2 Rc3 27.Qd2 Nd7 28.Rac1 Rxc1 29.Rxc1 Qd8 30.Nc6 Bxc6 31.Rxc6 Nf6 32.Qe2 Ne4+ 33.Kg2 O-O 34.Rxa6 Qh4 35.Qf3 Rc8 36.Qh3 Rc2+ {White resigned} 0-1

[Event "www.ChessWorld.net server game"]
[Site "www.ChessWorld.net "]
[Date "2008.1.6"]
[Round "NA"]
[White "joselito"]
[Black "Mbeerman"]
[Result "0-1"]
[Termination "White resigned"]
[WhiteElo "1544"]
[BlackElo "1627"]
[Mode "ICS"]
[DateLastMove "2008.1.15"]
[Board "4486970"]

1.e4 e6 2.d4 d6 3.Nf3 a6 4.c4 h6 5.Bd3 Nc6 6.O-O Bd7 7.c5 dxc5 8.dxc5 Bxc5 9.b3 Qf6 10.Be3 Bxe3 11.fxe3 Qxa1 12.Nd4 Nxd4 13.exd4 Qxd4+ 14.Kh1 Nf6 15.Qf3 e5 16.Nd2 Bg4 17.Qg3 O-O-O 18.a3 h5 19.h3 Kb8 20.hxg4 hxg4+ 21.Qh2 g3 22.Nf3 Rxh2+ 23.Nxh2 Rh8 {White resigned} 0-1

[Event "www.ChessWorld.net server game"]
[Site "www.ChessWorld.net "]
[Date "2008.1.6"]
[Round "NA"]
[White "joselito"]
[Black "grziwok"]
[Result "0-1"]
[Termination "White king mated"]
[WhiteElo "1566"]
[BlackElo "1290"]
[Mode "ICS"]
[DateLastMove "2008.1.26"]
[Board "4486977"]

1.e4 e5 2.Bc4 c6 3.Qf3 Nf6 4.g4 d5 5.exd5 cxd5 6.Bb3 Bxg4 7.Qe3 b6 8.Qxe5+ Be7 9.Ba4+ Nbd7 10.Nc3 O-O 11.Qg5 h6 12.Qf4 Nc5 13.d4 Nxa4 14.Nxa4 Bd6 15.Qe3 Re8 16.h3 Rxe3+ 17.Bxe3 Bf5 18.O-O-O Qc7 19.Nc3 b5 20.Nge2 b4 21.Rd2 bxc3 22.Nxc3 Bb4 23.f4 Ne4 24.Rg2 Bxc3 25.Rhg1 g6 26.bxc3 Nxc3 27.Bd2 Nxa2+ 28.Kd1 Re8 29.h4 Qxc2+ {White king mated} 0-1

[Event "www.ChessWorld.net server game"]
[Site "www.ChessWorld.net "]
[Date "2007.5.5"]
[Round "NA"]
[White "Simonpeers"]
[Black "joselito"]
[Result "1-0"]
[Termination "Black king mated"]
[WhiteElo "1490"]
[BlackElo "1263"]
[Mode "ICS"]
[DateLastMove "2007.5.21"]
[Board "3679332"]

1.e4 e5 2.Nf3 Nc6 3.Nc3 d6 4.Nd5 Nf6 5.c4 Nxd5 6.cxd5 Nd4 7.Nxd4 exd4 8.Qa4+ Bd7 9.Qxd4 f6 10.b3 Qe7 11.Bc4 c5 12.Qd3 Qe5 13.Rb1 Be7 14.O-O O-O 15.Bb2 Qh5 16.a4 f5 17.Rbe1 Bf6 18.e5 Bxe5 19.Bxe5 f4 20.Bxd6 Qg5 21.Bxf8 Rxf8 22.d6+ Kh8 23.Re7 Bc6 24.g3 fxg3 25.fxg3 Rg8 26.Bxg8 Kxg8 27.Rff7 Qg4 28.Qf1 h6 29.Rf8+ Kh7 30.d7 Qd4+ 31.Rf2 Qd5 32.Rff7 Qh1+ 33.Kf2 Qxh2+ 34.Ke1 Qxg3+ 35.Rf2 Bd5 36.Re3 Qg4 37.d8=Q Bf7 38.Rxf7 Qb4 39.Qf5+ {Black king mated} 1-0

[Event "www.ChessWorld.net server game"]
[Site "www.ChessWorld.net "]
[Date "2007.5.5"]
[Round "NA"]
[White "Ketchum"]
[Black "joselito"]
[Result "1-0"]
[Termination "Black resigned"]
[WhiteElo "1735"]
[BlackElo "1038"]
[Mode "ICS"]
[DateLastMove "2007.5.13"]
[Board "3680647"]

1.e4 e5 2.Nf3 Nc6 3.Bc4 Nf6 4.Nc3 Bc5 5.O-O O-O 6.h3 d6 7.Ng5 g6 8.d3 Nd7 9.a3 Qxg5 10.Bxg5 Nb6 11.b4 Nxc4 12.bxc5 dxc5 13.dxc4 Be6 14.Nd5 Bxd5 15.cxd5 Nd4 16.c3 Nb5 17.c4 Nc3 18.Qc2 Nxe4 19.Qxe4 a5 20.Qxe5 Rfe8 21.Qf6 Kf8 22.Bh6+ {Black resigned} 1-0

[Event "www.ChessWorld.net server game"]
[Site "www.ChessWorld.net "]
[Date "2007.5.8"]
[Round "NA"]
[White "wandelaar"]
[Black "joselito"]
[Result "1-0"]
[Termination "Black king mated"]
[WhiteElo "1303"]
[BlackElo "1400"]
[Mode "ICS"]
[DateLastMove "2007.5.12"]
[Board "3688405"]

1.e4 e5 2.Nf3 Nc6 3.Nc3 Bb4 4.Bc4 Nf6 5.O-O O-O 6.Re1 d6 7.d3 Nd4 8.Bd2 Bxc3 9.Bxc3 Nxf3+ 10.Qxf3 Be6 11.Bxe6 fxe6 12.d4 exd4 13.Bxd4 Qe7 14.Bxf6 Rxf6 15.Qe3 Rg6 16.Red1 Qg5 17.Qxg5 Rxg5 18.Rd3 h5 19.Re1 h4 20.h3 Kf7 21.f4 Rc5 22.Rc3 Rxc3 23.bxc3 Kf6 24.Rd1 g5 25.e5+ dxe5 26.fxe5+ Kxe5 27.Rd7 Rc8 28.Kf2 Kf5 29.g4+ Kf4 30.a4 a5 31.c4 b6 32.Rd4+ Ke5 33.Ke3 c5 34.Rd7 Rf8 35.Rg7 Kf6 36.Rb7 Ke5 37.Rxb6 Rf4 38.Rb5 Re4+ 39.Kd3 Rd4+ 40.Kc3 Ke4 41.Rxc5 e5 42.Rd5 Rxd5 43.cxd5 Kxd5 44.Kd3 e4+ 45.Ke3 Ke5 46.c4 Kd6 47.Kxe4 Kc5 48.Kf5 Kxc4 49.Kxg5 Kb4 50.Kxh4 Kxa4 51.g5 Kb5 52.g6 a4 53.g7 a3 54.g8=Q Ka4 55.Kg4 Kb4 56.h4 Kc3 57.h5 Kb2 58.h6 a2 59.Qxa2+ Kxa2 60.h7 Ka1 61.h8=Q+ Kb1 62.Qh2 Ka1 63.Kf3 Kb1 64.Ke3 Ka1 65.Kd3 Kb1 66.Kc3 Ka1 67.Qb2+ {Black king mated} 1-0

[Event "www.ChessWorld.net server game"]
[Site "www.ChessWorld.net "]
[Date "2007.5.9"]
[Round "NA"]
[White "souzasaulo"]
[Black "joselito"]
[Result "1-0"]
[Termination "Black king mated"]
[WhiteElo "1727"]
[BlackElo "1400"]
[Mode "ICS"]
[DateLastMove "2007.5.10"]
[Board "3693744"]

1.e4 e5 2.d4 Bb4+ 3.c3 Ba5 4.dxe5 Qe7 5.Qa4 Bb6 6.Nf3 Nc6 7.Bf4 d6 8.exd6 cxd6 9.Be2 Nf6 10.Nbd2 O-O 11.O-O Bg4 12.h3 Bd7 13.Qc2 Bc7 14.Rfe1 Nh5 15.Bh2 Qf6 16.Nd4 Bb6 17.Bxh5 Nxd4 18.cxd4 Bxd4 19.Nf3 Bb6 20.Rad1 g6 21.Rxd6 Qe7 22.Bg4 Rac8 23.Qd2 Bxg4 24.hxg4 Bc7 25.Rd7 Qc5 26.Bxc7 Rxc7 27.Rxc7 Qxc7 28.Qh6 Re8 29.e5 f6 30.exf6 Qf7 31.Rxe8+ Qxe8 32.Qg7+ {Black king mated} 1-0

[Event "www.ChessWorld.net server game"]
[Site "www.ChessWorld.net "]
[Date "2007.5.10"]
[Round "NA"]
[White "Castlegrande"]
[Black "joselito"]
[Result "1-0"]
[Termination "Black resigned"]
[WhiteElo "1395"]
[BlackElo "1038"]
[Mode "ICS"]
[DateLastMove "2007.5.14"]
[Board "3695664"]

1.e4 e5 2.d4 Nc6 3.d5 Nd4 4.c3 Bc5 5.cxd4 Bxd4 6.Nf3 Qf6 7.Nxd4 exd4 8.f4 Nh6 9.e5 Qe7 10.Qxd4 O-O 11.Bd3 b6 12.Nc3 Bb7 13.O-O c5 14.dxc6 Bxc6 15.f5 d6 16.f6 gxf6 17.exf6 Qd7 18.Bxh6 Rfd8 19.Rf5 Qe8 20.Qg4+ {Black resigned} 1-0

[Event "www.ChessWorld.net server game"]
[Site "www.ChessWorld.net "]
[Date "2007.5.10"]
[Round "NA"]
[White "cajunchess!"]
[Black "joselito"]
[Result "1-0"]
[Termination "Black resigned"]
[WhiteElo "1541"]
[BlackElo "1266"]
[Mode "ICS"]
[DateLastMove "2007.6.13"]
[Board "3695670"]

1.b3 e5 2.Bb2 Nf6 3.Bxe5 Qe7 4.Bxf6 Qxf6 5.Nc3 Bc5 6.Nf3 c6 7.e3 O-O 8.Ne4 Qe7 9.Nxc5 Qxc5 10.Be2 d5 11.O-O Nd7 12.d4 Qe7 13.c4 Nf6 14.Ne5 dxc4 15.Bxc4 Be6 16.Bxe6 fxe6 17.Qd3 g6 18.Nxg6 Qa3 19.Nxf8 Kxf8 20.Qc4 Qe7 21.Qc5 Qxc5 22.dxc5 Nd5 23.Rfd1 Kf7 24.e4 Nf4 25.Rd7+ Kg6 26.Rxb7 a5 27.g3 h5 28.gxf4 a4 29.bxa4 Rxa4 30.f5+ exf5 31.exf5+ Kxf5 32.Rb6 Rg4+ 33.Kf1 Kf4 34.Rxc6 h4 35.Rf6+ Kg5 36.Rf8 h3 37.Rg8+ Kh4 38.Rxg4+ Kxg4 39.c6 Kf3 40.c7 Kg4 41.c8=Q+ Kf3 42.Qxh3+ Ke4 43.Re1+ Kf4 44.Qg3+ {Black resigned} 1-0

[Event "www.ChessWorld.net server game"]
[Site "www.ChessWorld.net "]
[Date "2007.5.10"]
[Round "NA"]
[White "StephenL"]
[Black "joselito"]
[Result "1-0"]
[Termination "Black resigned"]
[WhiteElo "1974"]
[BlackElo "926"]
[Mode "ICS"]
[DateLastMove "2007.5.12"]
[Board "3695672"]

1.e4 e5 2.d3 Nf6 3.Nf3 Bc5 4.h3 O-O 5.Be2 Qe7 6.O-O b6 7.Nc3 Ba6 8.Bg5 Nc6 9.Nd5 Qd6 10.Nxf6+ gxf6 11.Bh6 Rfe8 12.Nh4 Qe6 13.Nf5 d5 14.Ng7 Qe7 15.Nxe8 Qxe8 16.exd5 Nd4 17.Bf3 Kh8 18.Be3 Nxf3+ 19.Qxf3 Bxe3 20.Qxf6+ Kg8 21.fxe3 Kf8 22.Rf2 Bb7 23.Raf1 Bxd5 24.Qh8+ Ke7 25.Qxe5+ Kd7 26.Qxd5+ Ke7 27.Rxf7+ Qxf7 28.Qxf7+ Kd6 29.Rf6+ Kc5 30.Qxc7+ Kb5 31.Qc6+ {Black resigned} 1-0

[Event "www.ChessWorld.net server game"]
[Site "www.ChessWorld.net "]
[Date "2007.5.10"]
[Round "NA"]
[White "aljanter"]
[Black "joselito"]
[Result "1-0"]
[Termination "Black king mated"]
[WhiteElo "1301"]
[BlackElo "1178"]
[Mode "ICS"]
[DateLastMove "2007.5.14"]
[Board "3695873"]

1.e4 e5 2.Nf3 Nc6 3.c3 Nf6 4.d3 Bc5 5.Bg5 O-O 6.h3 d6 7.Nbd2 Be6 8.Be2 d5 9.b4 Bd6 10.O-O Qd7 11.Nb3 dxe4 12.dxe4 Nxe4 13.Qd3 Bxh3 14.Qxe4 f5 15.Qh4 Bg4 16.Bc4+ Kh8 17.Be3 Bxf3 18.gxf3 g6 19.Bg5 Be7 20.Rfd1 Bxg5 21.Qxg5 Qg7 22.Be6 e4 23.Rac1 Ne5 24.Nd2 Nd3 25.Rc2 e3 26.fxe3 Rae8 27.Bc4 Ne5 28.Bb5 Rd8 29.Rf1 h6 30.Qf4 Nd3 31.Qg3 Kg8 32.Bxd3 Rxd3 33.Nc4 Rxc3 34.Rff2 Rxc2 35.Rxc2 Qa1+ 36.Kg2 Kg7 37.Qxc7+ Rf7 38.Qe5+ Qxe5 39.Nxe5 Kf6 40.f4 b5 41.Rc6+ Kg7 42.Rxg6+ Kf8 43.Rxh6 Rc7 44.Kg3 Rc2 45.Rf6+ Kg7 46.Ra6 Rc3 47.Rg6+ Kh7 48.Rg5 Rxe3+ 49.Nf3 Ra3 50.Rxf5 Rxa2 51.Rh5+ Kg6 52.Kg4 Rg2+ 53.Kh4 a6 54.Ne5+ Kg7 55.Rg5+ Rxg5 56.fxg5 Kf8 57.Nd7+ Ke7 58.Nc5 Kd6 59.Nxa6 Kd5 60.Nc7+ Kc4 61.Na6 Kb3 62.g6 Ka4 63.g7 Ka3 64.g8=Q Ka4 65.Qa2+ {Black king mated} 1-0

[Event "www.ChessWorld.net server game"]
[Site "www.ChessWorld.net "]
[Date "2007.5.12"]
[Round "NA"]
[White "Bellovesus"]
[Black "joselito"]
[Result "1-0"]
[Termination "Black king mated"]
[WhiteElo "1748"]
[BlackElo "1180"]
[Mode "ICS"]
[DateLastMove "2007.5.17"]
[Board "3702912"]

1.e4 e5 2.Bc4 Nf6 3.Nc3 Bc5 4.Nf3 Qe7 5.O-O O-O 6.d3 Nc6 7.Bg5 b6 8.a3 Bb7 9.b4 Nd4 10.bxc5 Nxf3+ 11.Qxf3 bxc5 12.Bxf6 Qxf6 13.Qxf6 gxf6 14.Rab1 Bc6 15.Nd5 Bxd5 16.Bxd5 c6 17.Bc4 a5 18.f4 d6 19.Rb6 d5 20.exd5 cxd5 21.Bxd5 f5 22.Rb5 Rfd8 23.Bxa8 Rxa8 24.Rxc5 e4 25.Rxf5 exd3 26.cxd3 a4 27.Rb5 Kf8 28.Rfb1 Re8 29.Rb8 Ke7 30.R1b7+ Kf8 31.d4 Rxb8 32.Rxb8+ Kg7 33.d5 h5 34.d6 f5 35.d7 Kg6 36.d8=Q h4 37.Qxh4 Kg7 38.Qg5+ Kf7 39.Qxf5+ Ke7 40.Rb7+ Kd6 41.Qf6+ Kc5 42.Qc3+ Kd5 43.Rb4 Kd6 44.Rb5 Ke6 45.Qe5+ Kd7 46.f5 Kc6 47.f6 Kd7 48.f7 Kc6 49.f8=Q Kd7 50.Qfe8+ {Black king mated} 1-0

[Event "www.ChessWorld.net server game"]
[Site "www.ChessWorld.net "]
[Date "2007.5.12"]
[Round "NA"]
[White "Wheelerdr"]
[Black "joselito"]
[Result "1-0"]
[Termination "Black king mated"]
[WhiteElo "1101"]
[BlackElo "1249"]
[Mode "ICS"]
[DateLastMove "2007.6.7"]
[Board "3702914"]

1.e4 e5 2.Nf3 Nf6 3.Nc3 Bc5 4.Bb5 O-O 5.Nxe5 d6 6.Nf3 Ng4 7.d4 Bb6 8.Ng5 Qf6 9.Be3 Bxd4 10.Bxd4 Qxg5 11.h3 Qh4 12.O-O Nh6 13.Bd3 Qg5 14.Be3 Qg6 15.Nd5 Bxh3 16.Ne7+ Kh8 17.Nxg6+ fxg6 18.gxh3 Nd7 19.c3 Nf6 20.Qf3 Nd7 21.Qd1 Ne5 22.f4 Nxd3 23.Qxd3 Rad8 24.f5 gxf5 25.Qd4 Kg8 26.Qd5+ Nf7 27.exf5 Rde8 28.Rae1 b6 29.Qg2 Ne5 30.Bh6 c5 31.Qxg7+ {Black king mated} 1-0

[Event "www.ChessWorld.net server game"]
[Site "www.ChessWorld.net "]
[Date "2007.5.12"]
[Round "NA"]
[White "Ahasverus"]
[Black "joselito"]
[Result "1-0"]
[Termination "Black king mated"]
[WhiteElo "1513"]
[BlackElo "1277"]
[Mode "ICS"]
[DateLastMove "2007.5.24"]
[Board "3702916"]

1.e4 e5 2.Qh5 Qe7 3.Bc4 Nf6 4.Qf3 Nc6 5.Ne2 b6 6.d3 Nd4 7.Nxd4 exd4 8.O-O Bb7 9.Bd2 c5 10.Re1 Qd6 11.e5 Bxf3 12.exd6+ Kd8 13.gxf3 Bxd6 14.Bxf7 Kc7 15.Bg5 Rhf8 16.Bxf6 gxf6 17.Bd5 f5 18.Bxa8 Rxa8 19.Nd2 h5 20.Nc4 Bf4 21.Re2 Rg8+ 22.Kh1 h4 23.Rae1 h3 24.Na3 Bg5 25.Nb5+ Kc6 26.Nxa7+ Kb7 27.Nb5 Bh4 28.Re5 f4 29.Rf5 Bxf2 30.Rd1 d6 31.Nxd6+ Kc7 32.Ne4 Be3 33.Rf7+ Kc6 34.Nf6 Rg5 35.Ne8 Rg2 36.Rc7+ Kb5 37.Nd6+ Kb4 38.a3+ Ka5 39.Ra7+ {Black king mated} 1-0

[Event "www.ChessWorld.net server game"]
[Site "www.ChessWorld.net "]
[Date "2007.5.13"]
[Round "NA"]
[White "elchori"]
[Black "joselito"]
[Result "1-0"]
[Termination "Black resigned"]
[WhiteElo "1669"]
[BlackElo "1250"]
[Mode "ICS"]
[DateLastMove "2007.6.2"]
[Board "3706471"]

1.d4 Nf6 2.Nf3 d6 3.h3 Nc6 4.Nc3 e6 5.Bf4 Be7 6.a3 O-O 7.Bh2 d5 8.e3 Na5 9.Nb5 a6 10.Bxc7 Qd7 11.Ne5 Qe8 12.Nc3 Nc6 13.Bd3 g6 14.Qe2 Nxe5 15.Bxe5 b5 16.O-O Nd7 17.Bc7 Nf6 18.e4 dxe4 19.Nxe4 Nxe4 20.Qxe4 Ra7 21.Bf4 f5 22.Qe5 Qf7 23.Be3 Bf6 24.Qf4 g5 25.Qh2 Qg7 26.c3 f4 27.Bd2 e5 28.d5 Be7 29.g3 Bc5 30.g4 h6 31.Qh1 a5 32.d6 Bxd6 33.Qd5+ Kh8 34.Qxd6 b4 35.Qg6 Rd7 36.Qe4 Bb7 37.Qc4 bxc3 38.Bxc3 f3 39.Qb5 Ba8 40.Bxe5 Rf6 41.Bxf6 Qxf6 42.Qxd7 Kg8 43.Qc8+ Kf7 44.Qxa8 {Black resigned} 1-0

[Event "www.ChessWorld.net server game"]
[Site "www.ChessWorld.net "]
[Date "2007.5.14"]
[Round "NA"]
[White "Castlegrande"]
[Black "joselito"]
[Result "1-0"]
[Termination "Black king mated"]
[WhiteElo "1411"]
[BlackElo "1294"]
[Mode "ICS"]
[DateLastMove "2007.5.24"]
[Board "3708214"]

1.e4 e5 2.d4 Bb4+ 3.c3 Bd6 4.Nf3 Qe7 5.Bg5 Nf6 6.Nh4 O-O 7.Nf5 Qe6 8.d5 Qe8 9.Bc4 Nxe4 10.Qg4 Nxg5 11.Qxg5 g6 12.Nh6+ Kg7 13.Nf5+ Kh8 14.Qf6+ Kg8 15.Nh6+ {Black king mated} 1-0

[Event "www.ChessWorld.net server game"]
[Site "www.ChessWorld.net "]
[Date "2007.5.17"]
[Round "NA"]
[White "Bellovesus"]
[Black "joselito"]
[Result "1-0"]
[Termination "Black king mated"]
[WhiteElo "1741"]
[BlackElo "1263"]
[Mode "ICS"]
[DateLastMove "2007.5.22"]
[Board "3720056"]

1.e4 e5 2.Bc4 Nf6 3.Nc3 Bb4 4.Nf3 Nc6 5.O-O O-O 6.a3 Bxc3 7.dxc3 d6 8.Bg5 h6 9.Be3 Nxe4 10.Bd3 Nf6 11.Bb5 Bd7 12.Bxc6 Bxc6 13.Nh4 Bb5 14.Re1 Ne4 15.Nf5 Qf6 16.Qg4 Ng5 17.b3 Bd7 18.Nxh6+ gxh6 19.Qxd7 Rad8 20.Qxc7 Qg6 21.Qxb7 Nh3+ 22.Kh1 Rc8 23.c4 h5 24.Qf3 Ng5 25.Bxg5 Qxg5 26.a4 Rce8 27.Qd5 h4 28.Re3 Qf5 29.Qd2 f6 30.Kg1 e4 31.Qxd6 Rd8 32.Qb4 Qe5 33.Rae1 f5 34.Qc3 Qe7 35.f3 h3 36.gxh3 Qg5+ 37.Kh1 Rd7 38.Rg1 Rg7 39.Rxg5 Rxg5 40.h4 Rg7 41.Re1 Rff7 42.Rg1 Kh7 43.c5 exf3 44.Qxf3 Rf6 45.Rxg7+ Kxg7 46.c6 f4 47.c7 Kg6 48.c8=Q a5 49.Qcg4+ Kf7 50.h5 Ke7 51.Qg5 Ke6 52.h6 Rf5 53.Qg6+ Ke5 54.h7 Rf6 55.Qe2+ Kd4 56.Qxf6+ Kd5 57.Qxf4 Kc5 58.Qec4+ Kb6 59.Qfd4+ Kb7 60.Qb5+ Kc7 61.Qde5+ Kd8 62.Qd6+ Kc8 63.h8=Q+ {Black king mated} 1-0

[Event "www.ChessWorld.net server game"]
[Site "www.ChessWorld.net "]
[Date "2007.5.18"]
[Round "NA"]
[White "joepie6"]
[Black "joselito"]
[Result "1-0"]
[Termination "Black resigned"]
[WhiteElo "1453"]
[BlackElo "1280"]
[Mode "ICS"]
[DateLastMove "2007.5.31"]
[Board "3724428"]

1.b3 e5 2.Bb2 Nf6 3.Bxe5 Bc5 4.e3 d6 5.Bb2 O-O 6.Bc4 d5 7.Bd3 Bg4 8.f3 Bh5 9.Be2 Nbd7 10.Nh3 a5 11.O-O Bb6 12.Ba3 c5 13.d4 Qe7 14.Qd2 a4 15.c3 cxd4 16.Bxe7 dxe3 17.Qd3 Ne5 18.Qb5 Nxf3+ 19.gxf3 Rfe8 20.Bxf6 gxf6 21.Qxb6 axb3 22.Qxb3 Bxf3 23.Rxf3 Kg7 24.Qxd5 {Black resigned} 1-0

[Event "www.ChessWorld.net server game"]
[Site "www.ChessWorld.net "]
[Date "2007.5.19"]
[Round "NA"]
[White "bassem medhat"]
[Black "joselito"]
[Result "1-0"]
[Termination "Black resigned"]
[WhiteElo "1603"]
[BlackElo "1299"]
[Mode "ICS"]
[DateLastMove "2007.5.31"]
[Board "3726307"]

1.e4 e5 2.Qh5 Qe7 3.d3 Nf6 4.Qe2 Qd8 5.h3 Bc5 6.Qf3 O-O 7.Be2 Qe7 8.Qg3 g6 9.Bh6 Re8 10.Qf3 Qe6 11.c3 Kh8 12.Bd1 Ng8 13.Bb3 Qe7 14.Bxf7 Nf6 15.Bxe8 Nxe8 16.Ne2 Nf6 17.Bg5 Kg7 18.O-O h6 19.Bxf6+ Qxf6 20.Qxf6+ Kxf6 21.Kh1 b5 22.f4 d6 23.fxe5+ Kxe5 24.d4+ Kxe4 25.dxc5 Nc6 26.cxd6 cxd6 27.Ng3+ Kd3 28.Na3 Ba6 29.Rad1+ {Black resigned} 1-0

[Event "www.ChessWorld.net server game"]
[Site "www.ChessWorld.net "]
[Date "2007.5.19"]
[Round "NA"]
[White "AIDYOOO"]
[Black "joselito"]
[Result "1-0"]
[Termination "Black king mated"]
[WhiteElo "1109"]
[BlackElo "1264"]
[Mode "ICS"]
[DateLastMove "2007.6.1"]
[Board "3727832"]

1.e3 e5 2.Qf3 Nf6 3.e4 Nc6 4.Bc4 Bc5 5.Qd3 O-O 6.h3 Nd4 7.c3 Ne6 8.h4 Nf4 9.Qg3 Ne6 10.h5 Nxh5 11.Rxh5 Qf6 12.b4 Bb6 13.Rh2 Ng5 14.d3 Ne6 15.Qh3 Qxf2+ 16.Kd1 Nf4 17.Qxh7+ {Black king mated} 1-0

[Event "www.ChessWorld.net server game"]
[Site "www.ChessWorld.net "]
[Date "2007.5.21"]
[Round "NA"]
[White "stephenmason11"]
[Black "joselito"]
[Result "1-0"]
[Termination "Black resigned"]
[WhiteElo "1442"]
[BlackElo "1321"]
[Mode "ICS"]
[DateLastMove "2007.6.17"]
[Board "3733376"]

1.e4 e5 2.Bc4 Nf6 3.Nf3 Bc5 4.Bxf7+ Kxf7 5.Nxe5+ Kf8 6.d4 Bb6 7.b3 d6 8.Nc4 Nxe4 9.Qf3+ Nf6 10.Nxb6 axb6 11.Bg5 Nd7 12.Nd2 Qe7+ 13.Be3 d5 14.O-O Qa3 15.Rfb1 b5 16.Bf4 Qb4 17.c3 Qe7 18.Bxc7 Qf7 19.Bd6+ Kg8 20.Kh1 Nb6 21.Re1 Bg4 22.Qf4 Qg6 23.Re7 Bh3 24.gxh3 Rf8 25.Qf3 Nh5 26.Qxf8+ Kxf8 27.Re6+ Kf7 28.Rxg6 hxg6 29.Nf3 Re8 30.Rg1 Nc8 31.Ne5+ Ke6 32.Bb4 Rf8 33.Bxf8 Nf4 34.Bxg7 Nxh3 35.Rf1 Ne7 36.f4 Nf5 37.Bf8 Ne3 38.Rf3 {Black resigned} 1-0

[Event "www.ChessWorld.net server game"]
[Site "www.ChessWorld.net "]
[Date "2007.5.21"]
[Round "NA"]
[White "Mike1972"]
[Black "joselito"]
[Result "1-0"]
[Termination "Black king mated"]
[WhiteElo "1421"]
[BlackElo "1285"]
[Mode "ICS"]
[DateLastMove "2007.5.24"]
[Board "3733378"]

1.e4 e5 2.Bc4 Nf6 3.Nc3 Qe7 4.Nf3 h6 5.O-O d6 6.b3 Nh5 7.d4 Qf6 8.Nd5 Qg6 9.Nxc7+ Kd8 10.Nxa8 Bh3 11.Nh4 Qxe4 12.Qxh5 Be7 13.Nf3 g6 14.Qxh3 Qxc2 15.dxe5 dxe5 16.Nxe5 Rf8 17.Bxh6 Bc5 18.Rad1+ Ke8 19.Nc7+ Ke7 20.Bg5+ f6 21.Qh7+ Rf7 22.Qxf7+ {Black king mated} 1-0

[Event "www.ChessWorld.net server game"]
[Site "www.ChessWorld.net "]
[Date "2007.5.22"]
[Round "NA"]
[White "AIDYOOO"]
[Black "joselito"]
[Result "1-0"]
[Termination "Black king mated"]
[WhiteElo "1127"]
[BlackElo "1289"]
[Mode "ICS"]
[DateLastMove "2007.6.15"]
[Board "3736074"]

1.e4 e5 2.Qf3 Nf6 3.Bc4 Qe7 4.h4 Nc6 5.h5 Nd4 6.Qd3 b6 7.c3 Bb7 8.cxd4 Bxe4 9.Qe3 Bxg2 10.Rh4 exd4 11.Qe2 d3 12.Bxd3 O-O-O 13.Kd1 Nd5 14.Qg4 g6 15.Qxg2 Qxh4 16.Qxd5 c6 17.Ba6+ Kb8 18.Qe5+ d6 19.Qxh8 Qg4+ 20.f3 Qxg1+ 21.Kc2 Qc5+ 22.Nc3 Qf5+ 23.d3 Qxh5 24.Qf6 Kc7 25.Qxf7+ Rd7 26.Qxf8 Qh2+ 27.Bd2 d5 28.Qc8+ Kd6 29.Qb8+ Rc7 30.Qd8+ Rd7 31.Qf6+ Kc5 32.Na4+ {Black king mated} 1-0

[Event "www.ChessWorld.net server game"]
[Site "www.ChessWorld.net "]
[Date "2007.5.22"]
[Round "NA"]
[White "BlueNick"]
[Black "joselito"]
[Result "1-0"]
[Termination "Black resigned"]
[WhiteElo "1595"]
[BlackElo "1273"]
[Mode "ICS"]
[DateLastMove "2007.6.1"]
[Board "3737026"]

1.d4 d5 2.c4 dxc4 3.Nc3 Nf6 4.e4 e6 5.Bxc4 Bb4 6.Bd2 O-O 7.Nf3 Bxc3 8.Bxc3 Nxe4 9.Qd3 Nf6 10.Ng5 c6 11.d5 cxd5 12.Bxf6 Qa5+ 13.Ke2 g6 14.Qh3 h5 15.Bd3 Nc6 16.g4 Nd4+ 17.Bxd4 f6 18.gxh5 Qc7 19.Nxe6 Bxe6 20.Qxe6+ Qf7 21.Qxf7+ Kxf7 22.hxg6+ Ke6 23.h4 a5 24.h5 a4 25.h6 a3 26.b3 {Black resigned} 1-0

[Event "www.ChessWorld.net server game"]
[Site "www.ChessWorld.net "]
[Date "2007.5.28"]
[Round "NA"]
[White "aljanter"]
[Black "joselito"]
[Result "1-0"]
[Termination "Black resigned"]
[WhiteElo "1350"]
[BlackElo "1303"]
[Mode "ICS"]
[DateLastMove "2007.5.31"]
[Board "3757690"]

1.e4 e5 2.Nf3 Nc6 3.c3 Nf6 4.h3 Nxe4 5.d3 Nf6 6.Bg5 d5 7.Be2 Bd6 8.Nbd2 O-O 9.Nh4 e4 10.dxe4 Qd7 11.Bf3 dxe4 12.Bxe4 Be7 13.O-O Bd6 14.Qf3 Qe8 15.Bf4 Ne5 16.Qg3 Nxe4 17.Nxe4 Ng6 18.Rfe1 Nxf4 19.Nf6+ Kh8 20.Ng6+ fxg6 21.Qh4 Ne2+ 22.Rxe2 gxf6 23.Rxe8 Rxe8 24.Qxf6+ Kg8 25.b4 Bf5 26.a4 a5 27.b5 Rad8 28.Rd1 Bh2+ 29.Kxh2 Rxd1 30.Kg3 Bc2 31.Qf3 Rdd8 32.Qxb7 Bxa4 33.Qxc7 Bxb5 34.Qxa5 Bf1 35.Qc5 Rc8 36.Qd4 Red8 37.Qe5 h5 38.Kf3 Rd3+ 39.Kf4 Bxg2 40.Qe6+ Kg7 41.Qxc8 Rf3+ 42.Ke5 Bxh3 43.Qb7+ Kh6 44.Qxf3 {Black resigned} 1-0

[Event "www.ChessWorld.net server game"]
[Site "www.ChessWorld.net "]
[Date "2007.5.29"]
[Round "NA"]
[White "Caerwyn"]
[Black "joselito"]
[Result "1-0"]
[Termination "Black king mated"]
[WhiteElo "1552"]
[BlackElo "1444"]
[Mode "ICS"]
[DateLastMove "2007.7.16"]
[Board "3760306"]

1.c4 e5 2.Nc3 Bc5 3.Nf3 Nc6 4.d3 Nf6 5.g3 O-O 6.Bg2 b6 7.a3 Bb7 8.O-O Ng4 9.b4 Bxf2+ 10.Rxf2 Nxf2 11.Kxf2 Ne7 12.Nxe5 Bxg2 13.Kxg2 d6 14.Nf3 Ng6 15.Nd5 c6 16.Nf4 Nxf4+ 17.Bxf4 d5 18.cxd5 Qxd5 19.e4 Qh5 20.Ng5 Qxd1 21.Rxd1 h6 22.Nf3 a6 23.Rc1 c5 24.bxc5 bxc5 25.Rxc5 a5 26.h4 a4 27.d4 f6 28.e5 fxe5 29.Nxe5 h5 30.d5 Kh7 31.d6 Rab8 32.Nc6 Rb2+ 33.Kh3 Rb3 34.Ne7 Rxa3 35.Rxh5+ {Black king mated} 1-0